Functional equations and how to solve them
Αποθηκεύτηκε σε:
| Κύριος συγγραφέας: | |
|---|---|
| Μορφή: | Βιβλίο |
| Γλώσσα: | English |
| Δημοσίευση: |
New York, NY :
Springer,
c2007
|
| Σειρά: | Problem books in mathematics
|
| Θέματα: | |
| Ετικέτες: |
Προσθήκη ετικέτας
Δεν υπάρχουν, Καταχωρήστε ετικέτα πρώτοι!
|
MARC
| LEADER | 00000nam a2200000 i 4500 | ||
|---|---|---|---|
| 001 | 1/38606 | ||
| 008 | 131121s2007 eng d | ||
| 020 | |a 978-0-387-34539-0 | ||
| 035 | |l 10116050 | ||
| 040 | |a GR-MY-UA |b gre |e aacr | ||
| 041 | 0 | |a eng | |
| 082 | 0 | |a 515.75 |2 (22) | |
| 100 | 1 | |a Small, Christopher G. | |
| 245 | 1 | 0 | |a Functional equations and how to solve them / |c Christopher G. Small |
| 260 | |a New York, NY : |b Springer, |c c2007 | ||
| 300 | |a xii, 129 σ.; |b εικ.; |c 24 εκ. | ||
| 490 | 1 | |a Problem books in mathematics | |
| 504 | |a Βιβλιογραφία: σ.[123]-124. Ευρετήριο | ||
| 650 | 0 | 0 | |a Functional equations. |
| 830 | 0 | |a Problem books in mathematics | |
| 852 | |a INST |b SAMOS |e 20131121 |h 515.75 SMA |p 005300036055 |q 005300036055 |t BK |y 0 | ||
| 901 | |a BIBL3-2013-3 | ||
| 909 | |a Σ |b 179462 | ||
| 922 | |a 3ΕΛΗ |b 201306 |c ΤΜΗΜΑ ΜΑΘΗΜΑΤΙΚΩΝ |d ΔΙΑΔΡΟΜΕΣ/ΔΡΕΣ | ||
| 970 | |a ΚΟΣΙΕΡΗΣ |b ΧΡΗΣΤΟΣ |z 2013/11/21 | ||